000 00755nas a2200253 4500
001 BR9902665
003 BR-BrBNA
005 20231205101424.0
007 ta
008 230509b bl.|||p| |||| 00| 00por d
040 _aBR-BrBNA
_bpor
_cBiblioteca Nacional de Agricultura
041 _a(Pt)
072 _aF30
100 1 _aVieira, R.F.
100 1 _aFronza, V.
100 1 _aFerreira, R.T.
245 1 _aComportamento de cultivares e linhagens de ervilha em Patos de Minas e Uberaba, Minas Gerais
650 _aErvilha
650 _aVariedade
650 _aMinas Gerais
773 0 _tRevista Ceres (Brazil)
_xISSN 0034-737X
_g(Jan-Feb 1999), v. 46(263) p. 83-91
_wBR9902665
909 _a202311
_bLúcia
_c55
_dLúcia Elande
942 _2AGRIS
_n0
_cANA
999 _c161741
_d161741